2000 Professional’s guide to target marketing : how to gain profitable new business / (Record no. 5346)

MARC details
000 -LEADER
fixed length control field 00941nac a22002291u 4500
010 ## - LIBRARY OF CONGRESS CONTROL NUMBER
LC control number 009811290
020 ## - INTERNATIONAL STANDARD BOOK NUMBER
International Standard Book Number 0156070510 (pbk.)
082 ## - DEWEY DECIMAL CLASSIFICATION NUMBER
Classification number 658.84
Item number COT.
090 ## - LOCALLY ASSIGNED LC-TYPE CALL NUMBER (OCLC); LOCAL CALL NUMBER (OCLC)
-- 5346
-- 5346
100 ## - MAIN ENTRY--PERSONAL NAME
Personal name Cottle, David W. (Daviiam)
245 ## - TITLE STATEMENT
Title 2000 Professional’s guide to target marketing : how to gain profitable new business /
Statement of responsibility, etc David W. Cottle.
260 ## - PUBLICATION, DISTRIBUTION, ETC. (IMPRINT)
Place of publication, distribution, etc San Diego ; London :
Name of publisher, distributor, etc Harcourt Professional, c2000.
Date of publication, distribution, etc c2000.
300 ## - PHYSICAL DESCRIPTION
Extent xxiv, 407 p. :
Other physical details ill. ;
Dimensions 23 cm.
500 ## - GENERAL NOTE
General note Spine title: Target marketing.
500 ## - GENERAL NOTE
General note One computer optical disc in pocket attached to inside back cover.
500 ## - GENERAL NOTE
General note Distributer : Al Ahram.
504 ## - BIBLIOGRAPHY, ETC. NOTE
Bibliography, etc Includes bibliographical references and index.
511 ## - PARTICIPANT OR PERFORMER NOTE
Participant or performer note Catalogued By : Mahitab.
650 ## - SUBJECT ADDED ENTRY--TOPICAL TERM
Topical term or geographic name as entry element Target Marketing.
942 ## - ADDED ENTRY ELEMENTS (KOHA)
Item type Book - Borrowing
Call number prefix 658.84 COT.
Holdings
Withdrawn status Item status Damaged status Not for loan Home library Current library Shelving location Date acquired Source of acquisition Total Checkouts Total Renewals Full call number Barcode Date last seen Date last borrowed Koha item type
        Central Library Central Library First floor 14/11/2007 Purchase 7 4 658.84 COT. 000006750 04/03/2026 29/07/2021 Book - Borrowing